000 00636 a2200193 4500
999 _c6955
_d6955
020 _a1857286782
020 _a1857285808 (pbk.)
050 0 0 _aBJ39 LYA 1997
100 1 _aLyas, Colin.
_eauthor
245 1 0 _aAesthetics /
_cColin Lyas.
264 _aLondon:
_bNew York.,
_c1997
300 _axii, 239 p. :
_bill. ;
500 _aIncludes bibliographical references (p. 229-231) and index.
504 _aIncludes bibliographical references (p. 229-231) and index.
650 0 _aAesthetics.
650 0 _aArt
_xPhilosophy.
942 _2lcc
_cBK
_h39
_iLYA
_kBJ